000 02193cam a22004694i 4500
003 PE-LiUPU
005 20250731173347.0
008 150706s2008 sp a rb 000 0 spa d
020 _a9788428533928
035 _a(Sirsi) i9788428533928
040 _aPE-LiUPU
_bspa
_cPE-LiUPU
_erda
049 _aPRUA
082 0 4 _a220.93
_bH66
_221
100 1 _aHoffmeier, James K,
_eautor.
245 1 0 _aArqueología de la Biblia /
_cJames K. Hoffmeier.
264 1 _aMadrid :
_bSan Pablo,
_c2008.
300 _a192 páginas :
_bilustraciones ;
_c25 centímetros.
336 _atext
_2rdacontent
337 _aunmediated
_2rdamedia
338 _avolume
_2rdacarrier
504 _aIncluye bibliografía.
505 _aIntroducción a la arqueología y a su aplicación al Antiguo Testamento -- Nacimiento de la arqueología -- La Biblia, la arqueología y la interpretación -- El Génesis: los origines del mundo y de Israel -- Israel dentro y fuera de Egipto -- La tierra y los reyes de Israel -- La conquista de la Tierra Prometida -- Jueces, profetas y reyes -- Llega el reino -- La historia de dos reinos: Israel y Judá -- De Babilonia a Jerusalén -- La época del nuevo testamento -- El mundo grecorromano del Nuevo testamento -- Vida y ministerio de Jesús de Nazaret -- Muerte y enterramiento de Jesús -- Nacimiento y expansión del Cristianismo.
526 _aSEG42
526 _aSEG41
526 _aSEG40
526 _aSEG39
526 _aP94
526 _aP87
526 _aP86
526 _aP85
526 _aP77
526 _aP76
526 _aP35
650 1 4 _aArqueología bíblica.
910 _agl
942 _2ddc
_cBK
949 _a220.93 H66
_wDEWEY
_c1
_i61924
_d2016-11-29
_e2016-11-28
_lCCODEBUL1
_mBUL
_n11
_p25.00
_r0
_sY
_tBOOK
_u2015-7-6
_xTEOLOGIA
_0COMPRA
_o.STAFF. Colección Teología
949 _a220.93 H66
_wDEWEY
_c2
_i60891
_d2016-11-30
_e2016-11-24
_lCCODEBUL1
_mBUL
_n26
_p26.00
_r0
_sY
_tBOOK
_u2015-7-6
_xTEOLOGIA
_zUNKNOWN
_0COMPRA
_o.STAFF. Colección Teología
999 _c50250
_d50250
980 _81
_gALBERTO SANCHEZ Responsable de Automatización